000 00952nam a22002177a 4500
003 OSt
005 20170608093109.0
008 150408b2016 slv spa
040 _cBMC
082 _a670.42
100 1 _939316
_aOsorio Cosme, Yanci Beatriz
245 1 0 _aPrograma de gestión de riesgos ocupacionales "Alcaldía Municipal de Ahuachapán"
_b: proyecto
_cYanci Beatriz Osorio Cosme
260 _aSanta Ana (El Salvador)
_bUniversidad Católica de El Salvador
_c2016
300 _a259 h.
_bil. col.
_c28 cm
_e+ 1 disco compacto
500 _aPrecede al tít.: Universidad Católica de El Salvador, Facultad de Ingeniería y Arquitectura
500 _aPeríodo de realización del 03 de julio de 2015 03 de eneo de 2016
502 _aPara optar al título de: Ingeniera Industrial
650 2 4 _919919
_aIngeniería industrial
710 2 _91166
_aUniversidad Católica de El Salvador
_bFacultad de Ingeniería y Arquitectura
942 _2ddc
_cTG
999 _c25366
_d25366